000 00594nam a2200181Ia 4500
003 GCL
008 140319s9999 xx 000 0 ara d
040 _aGCL /
_cGCL
082 0 4 _aد
_b050
100 1 _aمحمد عبدالسيد عبدالسلام
245 1 0 _aالامن الغذائى للوطن العربى (عالم المعرفة 230 ) /
_cمحمد عبدالسيد عبدالسلام
300 _a399 ص
490 _aعالم المعرفة
_v0
650 0 4 _aالزراعة
650 0 4 _aالهندسة الوراثية
650 0 4 _aالامن الغذائى
942 _2ddc
_cBK
999 _c51716
_d51716